Unemployment Rate and the Potential Supply of Labor.

Examines alternatives to the official unemployment rate to ascertain the pool of labor potentially available to meet rising employer demand during the ongoing economic expansion since 1991.

Bibliographic Details
Corporate Authors: Library of Congress. Congressional Research Service, ProQuest (Firm)
Format: eBook
Language:English
Published: [Place of publication not identified] : [publisher not identified], 1999.
Series:U.S. Congressional Research.
Subjects:
Online Access:Connect to the full text of this electronic book

MARC

Tag First Indicator Second Indicator Subfields
LEADER 00000cam a22000001a 4500
001 in00003370513
006 m d f
007 cr bn mmmapmmp
008 100717s1999 dcu o f000 0 eng d
005 20260501145518.8
035 |a cis2007893691 
040 |a ProQuest  |c ProQuest  |d UtOrBLW 
043 |a n-us--- 
099 |a CRS-1999-DSP-0103 
110 2 |a Library of Congress.  |b Congressional Research Service. 
245 1 0 |a Unemployment Rate and the Potential Supply of Labor. 
264 1 |a [Place of publication not identified] :  |b [publisher not identified],  |c 1999. 
300 |a 1 online resource. 
336 |a text  |b txt  |2 rdacontent 
337 |a computer  |b c  |2 rdamedia 
338 |a online resource  |b cr  |2 rdacarrier 
500 |a Record is based on bibliographic data in ProQuest U.S. Congressional Research Digital Collection (last viewed July 2010). Reuse except for individual research requires license from ProQuest, LLC. 
500 |a CRS Report. 
520 |a Examines alternatives to the official unemployment rate to ascertain the pool of labor potentially available to meet rising employer demand during the ongoing economic expansion since 1991. 
500 |a Electronic resource. 
650 0 |a Economic indicators. 
650 0 |a Manpower. 
650 0 |a Unemployment. 
655 7 |a Electronic books.  |2 local 
710 2 |a ProQuest (Firm) 
776 0 8 |i Microfiche version:   |a Library of Congress. Congressional Research Service.  |t Unemployment Rate and the Potential Supply of Labor 
830 0 |a U.S. Congressional Research. 
856 4 0 |u http://proxy.library.tamu.edu/login?url=https://congressional.proquest.com/congcomp/getdoc?CRDC-ID=CRS-1999-DSP-0103  |z Connect to the full text of this electronic book  |t 0 
999 |a MARS 
999 f f |s 7d45bfe7-3fa7-3608-aa9f-1ef6eb587545  |i f9248994-ce07-3b77-b44a-7a2256f50f5e  |t 0 
952 f f |a Texas A&M University  |b College Station  |c Electronic Resources  |s www_evans  |d Available Online  |t 0  |e CRS-1999-DSP-0103  |h Other scheme 
998 f f |a CRS-1999-DSP-0103  |t 0  |l Available Online